| 000 | 00677nam a2200205 i 4500 | ||
|---|---|---|---|
| 001 | 101255 | ||
| 003 | ES-MaACL | ||
| 005 | 20250829062543.0 | ||
| 007 | t| | ||
| 008 | 051017s1956 sp ||||1| spa d | ||
| 100 | 1 |
_aMaurois, André, _d1885-1967 _979267 |
|
| 245 | 1 | 0 |
_aHistoria de Francia / _cAndré Maurois, [seud.] de Emile Herzog ; versión española de María Luz Morales. |
| 250 | _a[3ª ed.]. | ||
| 260 |
_aBarcelona : _bSurco, _c1956. |
||
| 300 |
_a615 p., lám. I-XX : _bil. ; _c22 cm. |
||
| 651 | 4 |
_aFrancia- _xHistoria _98679 |
|
| 700 | 1 |
_aMorales, María Luz, _d1889-1980 _983001 |
|
| 852 |
_aES-MaACL _jC-11294 _bR.38656 |
||
| 999 |
_c101255 _d101255 |
||